Datum a čas kvízu
39.5
Celkem bodů
Celkový počet nahraných bodů na tomto kvízu bez doplňovacích otázek.
3.
Pořadí na kvízu
Konečné umístění týmu na tomto kvízu.
Zaznamenané odpovědi
| # | Otázka | Odpověď | Body | Výsledky |
|---|---|---|---|---|
| 1. | Marek Hilšer a Jiří Drahoš ozn... | 1 | ||
| 2. | Orbánova vláda minulý týden za... | 1 | ||
| 3. | V ostravském Husově sadu byla... | 1 | ||
| 4. | Softwarový přehrávač MP3 od sp... | 1 | ||
| 5. | Málo vídaného výsledku 6:0 dos... | 1 | ||
| 6. | V hlasování na facebooku poraz... | 1 | ||
| 7. | Hrabalova matka pracovala jako... | 0 | ||
| 8. | Novela Taneční hodiny pro star... | 1 | ||
| 9. | Kterým slovem, pro Hrabala typ... | 1 | ||
| 10. | Celkem kolik osob cestuje dopr... | 0 |